La seguridad y la salud en las minas de carbón subterraneas : (Record no. 100065)

MARC details
000 -LEADER
campo de control de longitud fija 03065cam a2200565Ka 4500
001 - NÚMERO DE CONTROL
campo de control 99209
005 - FECHA Y HORA DE LA ÚLTIMA TRANSACCIÓN
campo de control 20230410143341.0
008 - DATOS DE LONGITUD FIJA--INFORMACIÓN GENERAL
campo de control de longitud fija 090408s2009 sz d b i000 0 spa d
035 ## - NÚMERO DE CONTROL DEL SISTEMA
Número de control de sistema (OCoLC)ocn318030722
040 ## - FUENTE DE CATALOGACIÓN
Centro catalogador/agencia de origen IL#
Centro/agencia transcriptor IL#
Centro/agencia modificador BNM
-- BTCTA
-- YDXCP
019 ## -
-- 232978938
020 ## - NÚMERO INTERNACIONAL ESTÁNDAR DEL LIBRO
Número Internacional Estándar del Libro 9789223201623
020 ## - NÚMERO INTERNACIONAL ESTÁNDAR DEL LIBRO
Número Internacional Estándar del Libro 9223201624
035 ## - NÚMERO DE CONTROL DEL SISTEMA
Número de control de sistema (OCoLC)318030722
Número de control cancelado/no válido (OCoLC)232978938
072 #7 - CÓDIGO DE CATEGORÍA DE MATERIA
Código de categoría de materia 13.04.2
Fuente ilot
049 ## - FONDOS LOCALES (OCLC)
Biblioteca depositaria GRAL
050 14 - SIGNATURA TOPOGRÁFICA DE LA BIBLIOTECA DEL CONGRESO
Número de clasificación S456 2009
245 03 - MENCIÓN DEL TÍTULO
Título La seguridad y la salud en las minas de carbón subterraneas :
Resto del título repertorio de recomendaciones practicas de la OIT /
Mención de responsabilidad, etc. Organización Internacional del Trabajo.
260 ## - PUBLICACIÓN, DISTRIBUCIÓN, ETC.
Lugar de publicación, distribución, etc. Ginebra :
Nombre del editor, distribuidor, etc. OIT,
Fecha de publicación, distribución, etc. 2009.
300 ## - DESCRIPCIÓN FÍSICA
Extensión xxviii, 399 p. :
Otras características físicas estadisticas
504 ## - NOTA DE BIBLIOGRAFÍA, ETC.
Nota de bibliografía, etc. References.
505 0# - NOTA DE CONTENIDO CON FORMATO
Nota de contenido con formato General provisions -- Industry characteristics -- Pt. 1. National framework -- General duties -- Occupational safety and health management systems: reporting, recording and notification of work-related injuries and diseases, ill health and incidents: occupational health services -- Part. 2. Methodology for identifying hazards and addressing risks -- Prevention and protection -- Pt. 3. Provisions for safe underground coalmining operations -- General physical, chemical, safety and ergonomic hazards -- Flammable coal dust -- respirable dust -- Mine fires -- Inrushes of water, gas or other material -- Electricity -- Machinery and plant (equipment) -- Explosives and shotfiring -- Surface buildings, other surface structures and surface roads -- Surveyors and plans -- Commencement and cessation of mining operations -- Means of access and egress, including hoisting of persons and material -- Roads -- Haulage and transport -- Support of roof and walls -- Ventilation -- Sudden outbursts of coal, methane or other harmful gases -- Lamps and lighting -- Competence, education and training -- Personal protective equipment (PPE) -- Contingency, emergency preparedness and rescue -- Work organization -- Safety and health committees -- Special protection -- Personal hygiene.
650 17 - PUNTO DE ACCESO ADICIONAL DE MATERIA--TÉRMINO DE MATERIA
Término de materia o nombre geográfico como elemento de entrada occupational safety
Fuente del encabezamiento o término ilot
650 17 - PUNTO DE ACCESO ADICIONAL DE MATERIA--TÉRMINO DE MATERIA
Término de materia o nombre geográfico como elemento de entrada occupational health
Fuente del encabezamiento o término ilot
650 17 - PUNTO DE ACCESO ADICIONAL DE MATERIA--TÉRMINO DE MATERIA
Término de materia o nombre geográfico como elemento de entrada coal mining
Fuente del encabezamiento o término ilot
650 17 - PUNTO DE ACCESO ADICIONAL DE MATERIA--TÉRMINO DE MATERIA
Término de materia o nombre geográfico como elemento de entrada underground work
Fuente del encabezamiento o término ilot
650 17 - PUNTO DE ACCESO ADICIONAL DE MATERIA--TÉRMINO DE MATERIA
Término de materia o nombre geográfico como elemento de entrada securite du travail
Fuente del encabezamiento o término tbit
650 17 - PUNTO DE ACCESO ADICIONAL DE MATERIA--TÉRMINO DE MATERIA
Término de materia o nombre geográfico como elemento de entrada sante au travail
Fuente del encabezamiento o término tbit
650 17 - PUNTO DE ACCESO ADICIONAL DE MATERIA--TÉRMINO DE MATERIA
Término de materia o nombre geográfico como elemento de entrada houilláere
Fuente del encabezamiento o término tbit
650 17 - PUNTO DE ACCESO ADICIONAL DE MATERIA--TÉRMINO DE MATERIA
Término de materia o nombre geográfico como elemento de entrada travaux souterrains
Fuente del encabezamiento o término tbit
650 17 - PUNTO DE ACCESO ADICIONAL DE MATERIA--TÉRMINO DE MATERIA
Término de materia o nombre geográfico como elemento de entrada seguridad en el trabajo
Fuente del encabezamiento o término toit
650 17 - PUNTO DE ACCESO ADICIONAL DE MATERIA--TÉRMINO DE MATERIA
Término de materia o nombre geográfico como elemento de entrada salud en el trabajo
Fuente del encabezamiento o término toit
650 17 - PUNTO DE ACCESO ADICIONAL DE MATERIA--TÉRMINO DE MATERIA
Término de materia o nombre geográfico como elemento de entrada minas de carbón
Fuente del encabezamiento o término toit
650 17 - PUNTO DE ACCESO ADICIONAL DE MATERIA--TÉRMINO DE MATERIA
Término de materia o nombre geográfico como elemento de entrada trabajos subterraneos
Fuente del encabezamiento o término toit
655 #7 - TERMINO DE INDIZACIÓN--GENERO/FORMA
Datos o término principal de género/forma code of practice
Fuente del término ilot
655 #7 - TERMINO DE INDIZACIÓN--GENERO/FORMA
Datos o término principal de género/forma ILO pub
Fuente del término ilot
655 #7 - TERMINO DE INDIZACIÓN--GENERO/FORMA
Datos o término principal de género/forma recueil de directives
Fuente del término tbit
655 #7 - TERMINO DE INDIZACIÓN--GENERO/FORMA
Datos o término principal de género/forma pub OIT
Fuente del término tbit
655 #7 - TERMINO DE INDIZACIÓN--GENERO/FORMA
Datos o término principal de género/forma repertorio de recomendaciones practicas
Fuente del término toit
655 #7 - TERMINO DE INDIZACIÓN--GENERO/FORMA
Datos o término principal de género/forma pub OIT
Fuente del término toit
650 #7 - PUNTO DE ACCESO ADICIONAL DE MATERIA--TÉRMINO DE MATERIA
Término de materia o nombre geográfico como elemento de entrada Minas de carbón
Subdivisión general Medidas de seguridad.
710 2# - ENTRADA AGREGADA--NOMBRE DE ENTIDAD CORPORATIVA
Nombre de entidad corporativa o nombre de jurisdicción como elemento de entrada International Labour Office.
775 0# - ENTRADA/ENLACE A OTRA EDICIÓN
Código del idioma eng
775 0# - ENTRADA/ENLACE A OTRA EDICIÓN
Código del idioma fre
938 ## -
-- Baker and Taylor
-- BTCP
-- BK0007850876
938 ## -
-- YBP Library Services
-- YANK
-- 2836771
942 ## - ELEMENTOS DE ENTRADA SECUNDARIOS (KOHA)
Fuente del sistema de clasificación o colocación Clasificación de Library of Congress
Tipo de ítem Koha
946 ## - PROCESAMIENTO DE INFORMACIÓN LOCAL (OCLC)
a FHM
994 ## -
-- C0
-- DRFGD
Holdings
Estatus retirado Estado de pérdida Fuente del sistema de clasificación o colocación Estado de daño No para préstamo Colección Biblioteca de origen Biblioteca actual Ubicación en estantería Fecha de adquisición Signatura topográfica completa Código de barras Visto por última vez Copia número Tipo de ítem Koha
    Clasificación de Library of Congress     Agricultura Biblioteca Juan Bosch Biblioteca Juan Bosch Automatización y Procesos Técnicos (1er. Piso) 10/04/2023 S456 2009 00000091708 21/01/2019 1